Let God Fight Your Battles (Record no. 11664)
[ view plain ]
| 000 -LEADER | |
|---|---|
| fixed length control field | 00253nam a22000977a 4500 |
| 008 - FIXED-LENGTH DATA ELEMENTS--GENERAL INFORMATION | |
| fixed length control field | 191125b ||||| |||| 00| 0 eng d |
| 020 ## - INTERNATIONAL STANDARD BOOK NUMBER | |
| International Standard Book Number | 9789351950684 |
| 100 ## - MAIN ENTRY--PERSONAL NAME | |
| Personal name | Meyer Joyce |
| 9 (RLIN) | 7366 |
| 245 ## - TITLE STATEMENT | |
| Title | Let God Fight Your Battles |
| 260 ## - PUBLICATION, DISTRIBUTION, ETC. (IMPRINT) | |
| Place of publication, distribution, etc. | India |
| Name of publisher, distributor, etc. | Hachette |
| Date of publication, distribution, etc. | 2015 |
| Withdrawn status | Lost status | Source of classification or shelving scheme | Damaged status | Koha normalized classification for sorting | Not for loan | Home library | Current library | Shelving location | Date acquired | Total Checkouts | Full call number | Barcode | Date last seen | Price effective from | Koha item type |
|---|---|---|---|---|---|---|---|---|---|---|---|---|---|---|---|
| Dewey Decimal Classification | 200_000000000000000_E7 | Good Samaritan School Library | Good Samaritan School Library | RELIGION | 11/25/2019 | 200 E-7 | MEY15700 | 11/25/2019 | 11/25/2019 | BOOK | |||||
| Dewey Decimal Classification | 200_000000000000000_E7 | Good Samaritan School Library | Good Samaritan School Library | RELIGION | 11/25/2019 | 200 E-7 | MEY15698 | 11/25/2019 | 11/25/2019 | BOOK | |||||
| Dewey Decimal Classification | 200_000000000000000_E7 | Good Samaritan School Library | Good Samaritan School Library | RELIGION | 11/25/2019 | 200 E-7 | MEY15699 | 11/25/2019 | 11/25/2019 | BOOK |